[Event "Moscow op-E"]
[Site "Moscow"]
[Date "2011.01.30"]
[Round "2.119"]
[White "Usseinov, Chingis"]
[Black "Zernyshkin, Vladislav"]
[Result "0-1"]
[WhiteElo "1801"]
[BlackElo "2298"]
[PlyCount "56"]
[EventDate "2011.01.29"]
[EventType "swiss"]
[EventRounds "9"]
[EventCountry "RUS"]
[SourceTitle "EXT 2022"]
[Source "ChessBase"]
[SourceDate "2021.10.06"]
[SourceVersion "1"]
[SourceVersionDate "2021.10.06"]
[SourceQuality "1"]

1. d4 e6 2. c4 Nf6 3. Nf3 d5 4. cxd5 exd5 5. Bg5 Be7 6. Nc3 0-0 7. e3 c6 8. Qc2 Ne4 9. Bxe7 Qxe7 10. Bd3 f5 11. 0-0 Be6 12. Rab1 Nd7 13. b4 Bf7 14. Na4 Bh5 15. Nd2 b5 16. Nc3 Nb6 17. Bxe4 fxe4 18. a4 a6 19. Qb3 Qh4 20. Rbe1 Rae8 21. axb5 axb5 22. Ne2 Re6 23. Nf4 Rh6 24. Nxh5 Rxh5 25. h3 Rg5 26. Re2 Qxh3 27. f4 exf3 28. Nxf3 Rxf3 0-1

[Event "Chigorin Memorial 18th"]
[Site "St Petersburg"]
[Date "2010.10.29"]
[Round "2"]
[White "Balaian, Alina"]
[Black "Usseinov, Chingis"]
[Result "1-0"]
[WhiteElo "2157"]
[BlackElo "1775"]
[PlyCount "59"]
[EventDate "2010.10.28"]
[EventType "swiss"]
[EventRounds "9"]
[EventCountry "RUS"]
[SourceTitle "EXT 2011"]
[Source "ChessBase"]
[SourceDate "2010.11.26"]
[SourceVersion "1"]
[SourceVersionDate "2010.11.26"]
[SourceQuality "1"]

1. e4 e6 2. d4 d5 3. Nc3 Nf6 4. e5 Nfd7 5. Nf3 c5 6. dxc5 Bxc5 7. Bd3 Nc6 8. Bf4 a6 9. Qe2 b5 10. a3 Qb6 11. 0-0 Be7 12. b4 0-0 13. Rae1 Re8 14. Bg5 Nd4 15. Nxd4 Qxd4 16. Bxe7 Rxe7 17. Qd2 Qb6 18. Qg5 Re8 19. Re3 h6 20. Qh5 Qc7 21. Rfe1 Nf8 22. Rg3 Kh8 23. Qg4 g6 24. Nd1 Bb7 25. Qf4 Kg7 26. Ne3 h5 27. Qf6+ Kg8 28. Qg5 Qe7 29. Qxh5 Rac8 30. Ng4 1-0

[Event "Chigorin Memorial 18th"]
[Site "St Petersburg"]
[Date "2010.10.28"]
[Round "1"]
[White "Usseinov, Chingis"]
[Black "Shchukin, Dmitry"]
[Result "0-1"]
[WhiteElo "1775"]
[BlackElo "2346"]
[PlyCount "28"]
[EventDate "2010.10.28"]
[EventType "swiss"]
[EventRounds "9"]
[EventCountry "RUS"]
[SourceTitle "EXT 2011"]
[Source "ChessBase"]
[SourceDate "2010.11.26"]
[SourceVersion "1"]
[SourceVersionDate "2010.11.26"]
[SourceQuality "1"]

1. d4 Nf6 2. c4 g6 3. Nc3 Bg7 4. e4 d6 5. Nf3 0-0 6. Be2 Bg4 7. Be3 Nfd7 8. h3 Bxf3 9. Bxf3 Nc6 10. Be2 e5 11. d5 Nd4 12. b4 a5 13. a3 axb4 14. axb4 Rxa1 0-1

[Event "Moscow op-B"]
[Site "Moscow"]
[Date "2010.02.07"]
[Round "9.179"]
[White "Meshkov, Alexander"]
[Black "Usseinov, Chingis"]
[Result "1/2-1/2"]
[WhiteElo "2206"]
[BlackElo "1813"]
[PlyCount "33"]
[EventDate "2010.01.30"]
[EventType "swiss"]
[EventRounds "9"]
[EventCountry "RUS"]
[SourceTitle "EXT 2023"]
[Source "ChessBase"]
[SourceDate "2022.10.05"]
[SourceVersion "1"]
[SourceVersionDate "2022.10.05"]
[SourceQuality "1"]

1. g3 Nf6 2. Bg2 g6 3. c4 Bg7 4. Nc3 d6 5. d3 0-0 6. Nf3 e5 7. Bg5 Nc6 8. Nd5 Be6 9. Nxf6+ Bxf6 10. Bxf6 Qxf6 11. 0-0 Qe7 12. Qb3 Rab8 13. Qa3 f5 14. Rac1 a6 15. c5 d5 16. Qc3 Qf6 17. Qd2 1/2-1/2

[Event "Wch U12"]
[Site "Kemer"]
[Date "2009.11.12"]
[Round "1"]
[White "Usseinov, Chingis"]
[Black "Artemenko, Oleg"]
[Result "0-1"]
[WhiteElo "1814"]
[BlackElo "2157"]
[PlyCount "81"]
[EventDate "2009.11.12"]
[EventType "swiss"]
[EventRounds "11"]
[EventCountry "TUR"]
[SourceTitle "EXT 2010"]
[Source "ChessBase"]
[SourceDate "2010.11.25"]
[SourceVersion "1"]
[SourceVersionDate "2010.11.25"]
[SourceQuality "1"]

1. d4 d5 2. c4 dxc4 3. e4 Nf6 4. f3 Nc6 5. Be3 e5 6. d5 Nb4 7. Bxc4 c6 8. Nc3 cxd5 9. Nxd5 Nfxd5 10. Bxd5 Nxd5 11. Qxd5 Qxd5 12. exd5 b6 13. a4 Bb7 14. a5 Bb4+ 15. Bd2 Bxd2+ 16. Kxd2 0-0-0 17. axb6 Rxd5+ 18. Ke3 axb6 19. Ne2 Rhd8 20. Rhc1+ Kb8 21. Rc2 Rd3+ 22. Kf2 Rd2 23. Rac1 Ba6 24. Ke1 Rxc2 25. Rxc2 Rd7 26. Nc3 Kb7 27. Ne4 f6 28. h4 Rd4 29. Rd2 Rxd2 30. Kxd2 Kc6 31. h5 h6 32. g4 Kd5 33. Ng3 Bc8 34. Kd3 Bd7 35. Nf5 Bxf5+ 36. gxf5 Kd6 37. Kd2 Kc6 38. Kc2 Kc7 39. Kc3 Kd7 40. Kd2 Kc6 41. Kc2 0-1